PREPARACION Y EVALUACION DE PROYECTOS (Registro nro. 30736)
[ vista simple ]
| 000 -LEADER | |
|---|---|
| fixed length control field | 00434nam a2200169 a 4500 |
| 001 - CONTROL NUMBER | |
| control field | 30736 |
| 005 - DATE AND TIME OF LATEST TRANSACTION | |
| control field | 20180713234016.0 |
| 008 - FIXED-LENGTH DATA ELEMENTS--GENERAL INFORMATION | |
| fixed length control field | 140415d 000 0 spa d |
| 020 ## - INTERNATIONAL STANDARD BOOK NUMBER | |
| International Standard Book Number | 139789562782067 |
| 041 ## - LANGUAGE CODE | |
| Language code of text/sound track or separate title | spa |
| 082 ## - DEWEY DECIMAL CLASSIFICATION NUMBER | |
| Classification number | 658 |
| 100 1# - MAIN ENTRY--PERSONAL NAME | |
| Personal name | SAPAG, CHAIN NASSIR |
| 245 10 - TITLE STATEMENT | |
| Title | PREPARACION Y EVALUACION DE PROYECTOS |
| 250 ## - EDITION STATEMENT | |
| Edition statement | 5ª EDICIÓN |
| 260 ## - PUBLICATION, DISTRIBUTION, ETC. | |
| Place of publication, distribution, etc. | [s.l.] : |
| Name of publisher, distributor, etc. | MC GRAW HILL, |
| Date of publication, distribution, etc. | [s.f.] |
| 520 ## - SUMMARY, ETC. | |
| Summary, etc. | RP |
| Withdrawn status | Lost status | Source of classification or shelving scheme | Damaged status | Not for loan | Collection code | Home library | Current library | Shelving location | Date acquired | Source of acquisition | Total Checkouts | Full call number | Barcode | Date last seen | Date last checked out | Price effective from | Koha item type |
|---|---|---|---|---|---|---|---|---|---|---|---|---|---|---|---|---|---|
| Dewey Decimal Classification | General | Tehuacán | Tehuacán | Sala general | 03/12/2013 | Compra | 658 | 505292 | 08/01/2025 | 17/05/2016 | 03/12/2013 | Libro |